000 00599 a2200241 4500
260 _aCanada
630 _a62 - Ingéniririe. Art de l'ingénieur. Technologie en général
037 _b2, CIUF
650 _a6 - SCIENCES APPLIQUEES
100 _aSohier, Danny-J.
260 _bLogique
245 _aInternet le guide de l'internaute
300 _a570p.
650 _aInternet. Informatique : résau et télématique
260 _c2000
300 _b23 cm.
100 _lFr
440 _aInternet
037 _aS 8174
037 _aS 8175
020 _a2-89381-736-x
999 _c33757
_d33757